000 00610nam a22002177a 4500
999 _c14675
_d14675
003 MIRAKIL
005 20211210151559.0
008 211210b tu ||||| |||| 00| 0 tur d
020 _a9758261274
040 _aTR-AnCHP
_btur
_cTR-AnCHP
041 _atur
082 _a297.65
_bC38n 1999
100 _aCevizoğlu, Hulki
245 _aNurculuk:
_bdünü bugünü/
_cHulki Ceevioğlu.
260 _aİstanbul:
_bBeyaz Yayınları,
_c1999.
300 _a575 s.:
_c19 sm.
650 _aSiyasal İslam
_xNurculuk
650 _aİslam tarikatları
_xNurculuk
650 _aTarikatlar
_xNurculuk
942 _2ddc
_cBKS